Т. 1 : А - Е; Краткая химическая энциклопедия

Bibliographische Detailangaben
Parent link:Краткая химическая энциклопедия: В 5 т.. Т. 1 : А - Е.— , 1961-
Sprache:Russisch
Veröffentlicht: 1961
Schlagworte:
Format: Buch
KOHA link:https://koha.lib.tpu.ru/cgi-bin/koha/opac-detail.pl?biblionumber=68512

MARC

LEADER 00000nam2a2200000 4500
001 68512
005 20231101212404.0
035 |a (RuTPU)RU\TPU\book\72962 
090 |a 68512 
100 |a 20041006d1961 km y0rusy50 ca 
101 0 |a rus 
102 |a RU 
105 |a a f 001zy 
200 0 |a Т. 1 : А - Е 
210 |d 1961 
215 |a 1262 с.  |c ил. 
320 |a Алфавитно-предметный указатель: с. 1228-1262. 
461 1 |0 (RuTPU)RU\TPU\book\72959  |t Краткая химическая энциклопедия  |o В 5 т.  |v Т. 1 : А - Е  |d 1961-  |s Энциклопедии. Словари. Справочники 
606 1 |a Химия  |2 stltpush  |3 (RuTPU)RU\TPU\subj\17362  |9 43035 
610 1 |a энциклопедии 
675 |a 54(03)  |v 3 
801 1 |a RU  |b 63413507  |c 20041006  |g PSBO 
801 2 |a RU  |b 63413507  |c 20221114  |g PSBO 
942 |c BK